00455nam a2200181 a 4500001001300000003000900013005001700022008004100039020001000080082001500090100001200105245004700117260003700164300000900201500003500210650001600245700001200261nice12345678IN_TiNIC20260116015340.0100205s2009 hyda grp 000 0 eng  ac10000a297.7bIMR aImran,  aCalling to Islamb Mission of the Prophets aHyderabad bPace Graphics c2009 a407p aincludes index and biblioraphy aDawah-Islam1 aImran,